[Event "GRENKE Chess Classic 2024"]
[Site "Karlsruhe GER"]
[Date "2024.03.30"]
[Round "7"]
[White "Vachier Lagrave,M"]
[Black "Keymer,Vincent"]
[Result "1/2-1/2"]
[WhiteElo "2728"]
[BlackElo "2738"]
[EventDate "2024.03.26"]
[Annotator "novelty-grinder 0.1-dev"]

1. d4 Nf6 2. c4 e6 3. Nc3 Bb4 { Eval=62.56% N=75953 } 4. e3 O-O { Eval=60.34% N=17770[%cal Gg1f3] } 5. Bd2 ( { Eval=60.57% Popularity=3.83% } 5. Nf3 ) 5... b6 { Eval=59.30% N=240[%cal Rd1c2,Ga2a3,Rg1h3,Ga1c1] } 6. Bd3 ( { Eval=58.93% Popularity=1.25% } 6. a3 ) ( { Eval=58.97% Popularity=2.08% } 6. Rc1 ) ( { Eval=58.32% } 6. Nh3 $146 ) ( { Eval=58.32% } 6. Qc2 $146 ) 6... c5 { Eval=63.46% N=0[%cal Rd4d5] } 7. a3 ( { Eval=63.46% } 7. d5 $146 ) 7... Bxc3 8. Bxc3 cxd4 9. Bxd4 Nc6 10. Bc3 d5 11. Qa4 d4 12. exd4 Nxd4 13. O-O-O Bd7 14. Qb4 a5 15. Qd6 Nb3+ 16. Kb1 Nc5 17. Bc2 Nfe4 18. Qd4 Nxc3+ 19. Qxc3 Qc7 20. Nf3 Rfd8 21. Rd4 Bc6 22. Rh4 f5 23. Re1 Be4 24. Bxe4 Nxe4 25. Rhxe4 fxe4 26. Rxe4 Rac8 27. Ka2 Qc5 28. Rg4 Rc7 29. Qe1 Re7 30. Qe2 Rf8 31. Re4 e5 32. Re3 e4 33. Nd2 Rc8 34. Rxe4 Rxe4 35. Qxe4 h6 36. f3 Kh8 37. Qe6 Qc7 38. Kb3 Rd8 39. Ne4 Qxh2 40. g3 Qe2 41. Ka2 a4 42. Qc6 Qxf3 43. Qxb6 Re8 44. Nc3 Qxg3 45. Nxa4 Qd3 46. Qb5 Re2 47. Nc5 Qc2 48. Nd7 Kh7 49. Nf8+ Kg8 50. Nd7 Kh7 51. Nf8+ Kg8 52. Nd7 Kh7 1/2-1/2

[Event "GRENKE Chess Classic 2024"]
[Site "Karlsruhe GER"]
[Date "2024.03.30"]
[Round "8"]
[White "Fridman,D"]
[Black "Vachier Lagrave,M"]
[Result "1/2-1/2"]
[WhiteElo "2590"]
[BlackElo "2728"]
[EventDate "2024.03.26"]
[Annotator "novelty-grinder 0.1-dev"]

1. d4 Nf6 2. Nf3 g6 3. g3 Bg7 { Eval=59.16% N=10478[%cal Gc2c4,Ra2a4,Rc2c3] } 4. Bg2 ( { Eval=59.16% Popularity=3.54% } 4. c4 ) ( { Eval=59.09% } 4. a4 $146 ) ( { Eval=58.63% } 4. c3 $146 ) 4... d5 { Eval=59.23% N=3667[%cal Ga2a4,Gc2c3,Re1g1] } 5. c4 ( { Eval=59.23% Popularity=0.03% } 5. a4 ) ( { Eval=59.04% } 5. O-O $146 ) ( { Eval=58.54% Popularity=0.16% } 5. c3 ) 5... c6 { Eval=58.23% N=2371[%cal Re1g1,Ga2a4,Gf3e5,Gd1a4] } 6. cxd5 ( { Eval=58.23% } 6. O-O $146 ) ( { Eval=57.86% Popularity=0.04% } 6. a4 ) ( { Eval=57.44% Popularity=1.69% } 6. Qa4 ) ( { Eval=57.29% Popularity=0.72% } 6. Ne5 ) 6... cxd5 { Eval=58.48% N=1246[%cal Rc1f4] } 7. O-O ( { Eval=58.13% } 7. Bf4 $146 ) 7... O-O { Eval=57.55% N=1977[%cal Gc1f4] } 8. Ne5 ( { Eval=57.41% Popularity=0.30% } 8. Bf4 ) 8... Nc6 { Eval=57.97% N=157 } 9. Nc3 Bf5 { Eval=57.52% N=240[%cal Gf2f3] } 10. Nxc6 ( { Eval=57.09% Popularity=0.42% } 10. f3 ) 10... bxc6 { Eval=58.32% N=185 } 11. Bf4 Nh5 { Eval=59.53% N=18 } 12. Bg5 h6 13. Be3 c5 14. h3 Be6 15. g4 cxd4 16. Bxd4 Nf6 17. Rb1 Rc8 18. Bxf6 Bxf6 19. Nxd5 Qa5 20. a4 Bxd5 21. b4 Bxg2 22. bxa5 Bxh3 23. Rb4 Rfd8 24. Rc4 Rb8 25. Qc1 Bxf1 26. Kxf1 Kg7 27. e3 Rb2 28. Rc2 Rb4 29. Rc4 Rb2 30. Rc2 Rb4 31. Rc4 Rb2 1/2-1/2

[Event "GRENKE Chess Classic 2024"]
[Site "Karlsruhe GER"]
[Date "2024.03.30"]
[Round "8"]
[White "Ding Liren"]
[Black "Carlsen,M"]
[Result "1/2-1/2"]
[WhiteElo "2762"]
[BlackElo "2830"]
[EventDate "2024.03.26"]
[Annotator "novelty-grinder 0.1-dev"]

1. d4 Nf6 2. c4 e6 3. Nf3 Bb4+ { Eval=64.03% N=20718 } 4. Bd2 Bxd2+ { Eval=63.19% N=1205 } 5. Qxd2 d5 { Eval=63.08% N=433 } 6. e3 O-O { Eval=61.69% N=64[%cal Rc4d5,Rh2h3] } 7. Be2 ( { Eval=61.81% } 7. cxd5 $146 ) ( { Eval=61.03% } 7. h3 $146 ) 7... b6 { Eval=63.25% N=0[%cal Rc4d5] } 8. O-O ( { Eval=63.25% } 8. cxd5 $146 ) 8... Bb7 9. cxd5 Nxd5 10. Nc3 Nd7 11. Nxd5 Bxd5 12. b4 a5 13. b5 Rc8 14. Rfc1 c5 15. bxc6 Rxc6 16. Rxc6 Bxc6 17. Rc1 Qa8 18. Ne1 Rc8 19. Bf3 Bxf3 20. Nxf3 h6 21. h3 Rc6 22. Qb2 b5 23. Rxc6 Qxc6 24. Qa3 a4 25. Qe7 f6 26. Ne1 Nf8 27. Nd3 Qc4 28. Nb4 Qc1+ 29. Kh2 Qd2 30. Nc6 Qxf2 31. Qe8 Qxe3 32. Ne7+ Kh7 33. Qxf8 Qf4+ 34. Kh1 Qf1+ 35. Kh2 Qf4+ 36. Kh1 Qf1+ 1/2-1/2

[Event "GRENKE Chess Classic 2024"]
[Site "Karlsruhe GER"]
[Date "2024.03.30"]
[Round "8"]
[White "Keymer,Vincent"]
[Black "Rapport,R"]
[Result "0-1"]
[WhiteElo "2738"]
[BlackElo "2720"]
[EventDate "2024.03.26"]
[Annotator "novelty-grinder 0.1-dev"]

1. d4 Nf6 2. c4 e6 3. Nc3 c5 { Eval=70.24% N=2620 } 4. d5 exd5 { Eval=74.43% N=10587 } 5. cxd5 d6 { Eval=74.77% N=9782 } 6. e4 g6 { Eval=74.68% N=5808 } 7. f4 Bg7 { Eval=74.39% N=2159 } 8. Bb5+ Nfd7 { Eval=74.69% N=1667 } 9. a4 Na6 { Eval=74.44% N=54 } 10. Nf3 Nb4 { Eval=74.23% N=33[%cal Gc1e3] } 11. O-O ( { Eval=74.23% Popularity=3.03% } 11. Be3 ) 11... a6 12. Bxd7+ Bxd7 13. f5 O-O 14. Bg5 f6 15. Bf4 gxf5 16. Qd2 Re8 17. Rae1 c4 18. exf5 Rxe1 19. Nxe1 Bxf5 20. Bxd6 Qxd6 21. Rxf5 Re8 22. g3 Qd7 23. Rf1 f5 24. d6 b5 25. axb5 axb5 26. Ne2 Re6 27. Rxf5 Rxe2 28. Qxe2 Qxf5 29. Qe8+ Bf8 30. d7 Nc6 31. d8=Q Nxd8 32. Qxd8 b4 33. Qd1 Bc5+ 34. Kg2 Qf2+ 35. Kh3 Qf1+ 36. Kg4 h5+ 0-1

[Event "GRENKE Chess Classic 2024"]
[Site "Karlsruhe GER"]
[Date "2024.03.31"]
[Round "9"]
[White "Ding Liren"]
[Black "Fridman,D"]
[Result "1/2-1/2"]
[WhiteElo "2762"]
[BlackElo "2590"]
[EventDate "2024.03.26"]
[Annotator "novelty-grinder 0.1-dev"]

1. c4 e6 2. Nc3 d5 3. d4 c6 { Eval=62.97% N=11473 } 4. e3 Nf6 { Eval=60.85% N=10455[%cal Gh2h3] } 5. Nf3 ( { Eval=60.06% Popularity=0.02% } 5. h3 ) 5... Nbd7 { Eval=61.13% N=30704 } 6. Be2 Bd6 { Eval=60.67% N=633[%cal Ga2a4] } 7. O-O ( { Eval=59.79% Popularity=0.79% } 7. a4 ) 7... O-O { Eval=60.64% N=504 } 8. b3 b6 { Eval=60.43% N=243[%cal Ga2a4,Re2d3] } 9. Bb2 ( { Eval=60.17% Popularity=2.47% } 9. a4 ) ( { Eval=59.62% } 9. Bd3 $146 ) 9... Bb7 { Eval=60.79% N=336 } 10. a4 Rc8 { Eval=63.38% N=1 } 11. a5 bxa5 12. c5 Bc7 13. Ra4 Rb8 14. Qc2 Qc8 15. Re1 Ba6 16. Bd1 Re8 17. e4 e5 18. exd5 exd4 19. d6 Rxe1+ 20. Nxe1 Qe8 21. Ne4 Bd8 22. Rxd4 Rb4 23. Rxb4 axb4 24. Nxf6+ Bxf6 25. Nf3 Bxb2 26. Qxb2 Qe4 27. Qd2 Qd3 28. Qxd3 Bxd3 29. Nd4 Be4 30. Bf3 Bxf3 31. gxf3 Nxc5 32. Nxc6 Kf8 33. Nxa7 Nxb3 34. Nc6 Ke8 35. Nxb4 Kd7 36. Kg2 Kxd6 37. f4 Nd4 38. Kg3 Ke6 39. Kg4 g6 40. Nd3 h5+ 41. Kg3 Kf5 42. Ne5 f6 43. Nd7 Ne6 44. Kf3 h4 45. Ke3 Nc7 46. Ke2 Nd5 47. Kf3 h3 48. Kg3 Nxf4 49. f3 g5 50. Nc5 Ke5 51. Nd7+ Kf5 52. Nc5 1/2-1/2

[Event "GRENKE Chess Classic 2024"]
[Site "Karlsruhe GER"]
[Date "2024.03.31"]
[Round "9"]
[White "Carlsen,M"]
[Black "Keymer,Vincent"]
[Result "1-0"]
[WhiteElo "2830"]
[BlackElo "2738"]
[EventDate "2024.03.26"]
[Annotator "novelty-grinder 0.1-dev"]

1. d4 Nf6 2. c4 e6 3. Nc3 Bb4 { Eval=62.55% N=75953 } 4. Nf3 d6 { Eval=63.39% N=96[%cal Gd1b3] } 5. g3 ( { Eval=62.55% Popularity=3.12% } 5. Qb3 ) 5... Bxc3+ { Eval=60.29% N=7 } 6. bxc3 b6 7. Nd2 Bb7 8. f3 e5 9. e4 O-O 10. Bd3 Nc6 11. Nb3 Ne7 12. O-O h6 13. Rb1 Ba6 14. f4 Nh7 15. f5 Kh8 16. Na1 Ng8 17. Nc2 g5 18. Ne3 Ngf6 19. Rb2 Re8 20. Qf3 c5 21. d5 Rg8 22. h3 Kg7 23. a4 Bc8 24. Ra2 Bd7 25. Qd1 Rb8 26. Bd2 Rb7 27. Be1 Kf8 28. Rff2 Ke7 29. Rfb2 Qc7 30. g4 a6 31. Qe2 a5 32. Qf3 Qd8 33. Rh2 Qe8 34. Bc2 Qf8 35. Kf1 Kd8 36. Bd1 Kc7 37. Ke2 Rb8 38. Kd2 Qg7 39. Kc1 Rh8 40. Rh1 Rbg8 41. Rah2 Qf8 42. Kb2 Qe8 43. Ka3 Qf8 44. Bd2 Qe8 45. Bc1 Qf8 46. Nf1 Qe7 47. Ng3 Qf8 48. h4 Qg7 49. Qg2 Bc8 50. hxg5 Nxg5 51. Nh5 Nxh5 52. Rxh5 f6 53. Qh2 Nxe4 54. Bxh6 Qe7 55. Kb2 Bd7 56. Rh4 Be8 57. Bc2 Rxh6 58. Rxh6 Ng5 59. Rh8 Rxh8 60. Qxh8 e4 61. Qh2 Nf3 62. Qf4 Ng5 63. Kb3 Bd7 64. Re1 Qf8 65. Ka3 Qh8 66. Bxe4 Qh3 67. Kb2 Qh7 68. Bc2 Qg7 69. Re6 Nf7 70. g5 Qxg5 71. Qxg5 fxg5 72. f6 Ne5 73. Rxe5 1-0

[Event "GRENKE Chess Classic 2024"]
[Site "Karlsruhe GER"]
[Date "2024.03.31"]
[Round "9"]
[White "Rapport,R"]
[Black "Vachier Lagrave,M"]
[Result "1/2-1/2"]
[WhiteElo "2720"]
[BlackElo "2728"]
[EventDate "2024.03.26"]
[Annotator "novelty-grinder 0.1-dev"]

1. d4 Nf6 2. c4 e6 3. Nf3 d5 { Eval=60.14% N=80630 } 4. Bg5 h6 { Eval=60.06% N=636 } 5. Bxf6 Qxf6 { Eval=60.27% N=509 } 6. Nc3 Bb4 { Eval=59.39% N=2453 } 7. e3 O-O { Eval=59.04% N=1236 } 8. Rc1 c6 { Eval=60.64% N=86[%cal Rh2h3,Gd1c2,Gh2h4] } 9. Bd3 ( { Eval=62.26% Popularity=1.16% } 9. h4 ) ( { Eval=60.16% Popularity=1.16% } 9. Qc2 ) ( { Eval=59.95% } 9. h3 $146 ) 9... Nd7 { Eval=61.44% N=30[%cal Rd1b3] } 10. O-O ( { Eval=60.85% } 10. Qb3 $146 ) 10... Qe7 11. a3 Bd6 12. c5 Bc7 13. e4 dxe4 14. Bxe4 e5 15. Re1 Qd8 16. Bb1 exd4 17. Qd3 g6 18. Ba2 Kh7 19. Qxd4 Ne5 20. Qxd8 Nxf3+ 21. gxf3 Bxd8 22. Ne4 Bh3 23. Nd6 Bg5 24. Rcd1 Kg7 25. f4 Bxf4 26. Re7 b6 27. Rd3 Bxd6 28. cxd6 Bf5 29. Rc3 c5 30. b4 Rad8 31. bxc5 bxc5 32. Rxc5 Rxd6 33. Rcc7 Kf6 34. Rxf7+ Rxf7 35. Rxf7+ Kg5 36. Rxa7 Be4 37. Bb3 Rc6 38. Rd7 Bf3 39. h3 h5 40. Kh2 Rc1 41. Bd5 Rd1 42. Be6 Ra1 43. Bd5 Rd1 44. Be6 Ra1 1/2-1/2

[Event "GRENKE Chess Classic 2024"]
[Site "Karlsruhe GER"]
[Date "2024.03.31"]
[Round "10"]
[White "Fridman,D"]
[Black "Rapport,R"]
[Result "*"]
[WhiteElo "2590"]
[BlackElo "2720"]
[EventDate "2024.03.26"]
[Annotator "novelty-grinder 0.1-dev"]

1. d4 Nf6 2. Nf3 b6 3. g3 Bb7 { Eval=62.43% N=752 } 4. Bg2 e6 { Eval=62.49% N=2035 } 5. c4 Be7 { Eval=63.14% N=8257[%cal Rh2h4,Gc1f4] } 6. O-O ( { Eval=62.17% Popularity=0.02% } 6. Bf4 ) ( { Eval=62.34% } 6. h4 $146 ) 6... O-O { Eval=63.49% N=7775 } 7. Re1 a5 { Eval=65.68% N=135 } 8. Bf4 d6 { Eval=64.92% N=13 } 9. Nc3 Ne4 10. Na4 Ra7 11. Rc1 Nd7 12. Nd2 Nxd2 13. Qxd2 Bxg2 14. Kxg2 e5 15. dxe5 dxe5 16. Red1 Qa8+ 17. f3 Rd8 18. Bg5 *

[Event "GRENKE Chess Classic 2024"]
[Site "Karlsruhe GER"]
[Date "2024.03.31"]
[Round "10"]
[White "Vachier Lagrave,M"]
[Black "Carlsen,M"]
[Result "1/2-1/2"]
[WhiteElo "2728"]
[BlackElo "2830"]
[EventDate "2024.03.26"]
[Annotator "novelty-grinder 0.1-dev"]

1. Nf3 Nf6 2. g3 b6 3. Bg2 Bb7 { Eval=62.33% N=3368[%cal Re1g1] } 4. b3 ( { Eval=61.58% } 4. O-O $146 ) 4... g6 { Eval=59.99% N=63[%cal Re2e3,Re1g1,Gc2c4,Rd2d4] } 5. Bb2 ( { Eval=59.99% Popularity=3.17% } 5. c4 ) ( { Eval=59.81% } 5. d4 $146 ) ( { Eval=59.54% } 5. O-O $146 ) ( { Eval=59.24% } 5. e3 $146 ) 5... Bg7 { Eval=59.37% N=361[%cal Re2e3,Re1g1,Gd2d4] } 6. c4 ( { Eval=59.09% Popularity=3.05% } 6. d4 ) ( { Eval=58.96% } 6. O-O $146 ) ( { Eval=58.96% } 6. e3 $146 ) 6... O-O { Eval=59.36% N=215[%cal Re2e3,Re1g1] } 7. d4 ( { Eval=59.09% } 7. O-O $146 ) ( { Eval=59.04% } 7. e3 $146 ) 7... e6 { Eval=59.27% N=19[%cal Re2e3] } 8. O-O ( { Eval=58.34% } 8. e3 $146 ) 8... Na6 9. Nc3 d5 10. e3 c5 11. Qe2 Qe7 12. cxd5 exd5 13. Rfd1 Rfd8 14. Rac1 Nc7 15. Ba3 Ne4 16. Nxe4 dxe4 17. Nd2 Ba6 18. Qe1 Nb5 19. Bb2 cxd4 20. Nxe4 Bb7 21. exd4 Nxd4 22. Nf6+ Bxf6 23. Qxe7 Bxe7 24. Rxd4 Rxd4 25. Bxd4 Rc8 26. Rxc8+ Bxc8 27. Bd5 Kf8 28. f4 Bc5 29. Bxc5+ bxc5 30. Kf2 Ke7 31. Ke3 f6 32. Be4 Kd6 33. Kd2 Be6 34. Kc3 Bf7 35. a3 a5 36. b4 cxb4+ 37. axb4 axb4+ 38. Kxb4 h6 39. Kc3 Kc5 40. h4 g5 41. hxg5 hxg5 42. fxg5 fxg5 1/2-1/2

[Event "GRENKE Chess Classic 2024"]
[Site "Karlsruhe GER"]
[Date "2024.03.31"]
[Round "10"]
[White "Keymer,Vincent"]
[Black "Ding Liren"]
[Result "*"]
[WhiteElo "2738"]
[BlackElo "2762"]
[EventDate "2024.03.26"]
[Annotator "novelty-grinder 0.1-dev"]

1. Nf3 d5 2. g3 Nf6 3. Bg2 g6 { Eval=59.08% N=2221[%cal Re1g1,Rb1c3,Gf3e5,Rc2c3] } 4. c4 ( { Eval=59.02% } 4. O-O $146 ) ( { Eval=58.44% } 4. c3 $146 ) ( { Eval=58.22% } 4. Nc3 $146 ) ( { Eval=58.18% Popularity=0.05% } 4. Ne5 ) 4... dxc4 { Eval=58.82% N=107[%cal Re1g1,Gd1c2] } 5. Qa4+ ( { Eval=58.79% } 5. O-O $146 ) ( { Eval=57.84% Popularity=1.87% } 5. Qc2 ) 5... Nfd7 { Eval=58.91% N=26[%cal Ra2a3,Re1g1,Rb1c3,Rb1a3] } 6. h4 ( { Eval=58.43% } 6. Nc3 $146 ) ( { Eval=58.52% } 6. O-O $146 ) ( { Eval=58.21% } 6. Na3 $146 ) ( { Eval=58.56% } 6. a3 $146 ) 6... Nc6 7. Qxc4 Bg7 8. Nc3 Nb6 9. Qb3 h6 10. d3 O-O 11. O-O e5 12. Ne4 a5 13. Bd2 Bg4 14. Qd1 Nd5 15. Rc1 Nd4 16. Nxd4 exd4 17. Qb3 c6 18. Qxb7 Bxe2 19. Rfe1 Bxd3 20. Nc5 *